Catálogo
 En Linea

6 poemas y 4 cartas de amor a una noruega. (Registro nro. 31444)

Detalles MARC
000 -CABECERA
campo de control de longitud fija 00456nam a2200157 a 4500
001 - NÚMERO DE CONTROL
campo de control 000031953
005 - FECHA Y HORA DE LA ÚLTIMA TRANSACCIÓN
campo de control 20200930063316.0
008 - DATOS DE LONGITUD FIJA--INFORMACIÓN GENERAL
campo de control de longitud fija 110707s1950 dr 000 0 spa d
040 ## - FUENTE DE LA CATALOGACIÓN
Centro catalogador/agencia de origen DO-SdBNP
Lengua de catalogación spa
Centro/agencia transcriptor BNPHU
082 ## - NÚMERO DE LA CLASIFICACIÓN DECIMAL DEWEY
Número de clasificación xxxx
Número de documento/Ítem S462
049 ## - FONDOS LOCALES (OCLC)
Fondos de biblioteca BNPD
245 00 - MENCIÓN DE TÍTULO
Título 6 poemas y 4 cartas de amor a una noruega.
246 03 - FORMA VARIANTE DE TÍTULO
Título propio/Titulo breve Seis poemas y cuatro cartas de amor a una noruega
260 ## - PUBLICACIÓN, DISTRIBUCIÓN, ETC.
Lugar de publicación, distribución, etc. [Santo Domingo]. :
Nombre del editor, distribuidor, etc. [s. n.],
Fecha de publicación, distribución, etc. [1950].
300 ## - DESCRIPCIÓN FÍSICA
Extensión [18 p] ;
Dimensiones 29 cm.
Existencias
Estado de retiro Estado de pérdida No para préstamo Código de colección Localización permanente Ubicación/localización actual Ubicación en estantería Fecha de adquisición Número de inventario Total de préstamos Signatura topográfica completa Código de barras Fecha visto por última vez Precio válido a partir de Tipo de ítem Koha
    Excluido de préstamo Patrimonio Dominicano Patrimonio Dominicano Patrimonio Dominicano En catalogación 07.07.2011 LF1   xxxx S462 31953-10 25.06.2020 25.06.2020 Libro y Folleto Colección Patrimonio Dominicano

Con tecnología Koha